Ceniza era la arena (Record no. 145564)

MARC details
000 -LEADER
campo de control de longitud fija 00500nam a2200169 i 4500
001 - NÚMERO DE CONTROL
campo de control 145564
003 - IDENTIFICADOR DE NÚMERO DE CONTROL
campo de control ES-MaACL
005 - FECHA Y HORA DE LA ÚLTIMA TRANSACCIÓN
campo de control 20230906201246.0
007 - CAMPO FIJO DE DESCRIPCIÓN FÍSICA--INFORMACIÓN GENERAL
campo de control de longitud fija t|
008 - DATOS DE LONGITUD FIJA--INFORMACIÓN GENERAL
campo de control de longitud fija 071015s1957 sp ||||1| spa d
100 1# - ENTRADA PRINCIPAL--NOMBRE DE PERSONA
Nombre de persona Barrio, Juan Ventura.
9 (RLIN) 25996
245 10 - MENCIÓN DEL TÍTULO
Título Ceniza era la arena
Resto del título : novela /
Mención de responsabilidad, etc. Juan Ventura Barrio.
260 ## - PUBLICACIÓN, DISTRIBUCIÓN, ETC.
Lugar de publicación, distribución, etc. Madrid :
Nombre del editor, distribuidor, etc. [s.n.],
Fecha de publicación, distribución, etc. 1957 (
Fabricante Imp. La Rafa)
300 ## - DESCRIPCIÓN FÍSICA
Extensión 152 p. :
Otras características físicas il. ;
Dimensiones 21 cm.
852 ## - LOCALIZACIÓN
Ubicación ES-MaACL
Número de control de estantería C-12194
Sublocalización o colección R.40303
852 ## - LOCALIZACIÓN
Ubicación ES-MaACL
Número de control de estantería C-12193
Sublocalización o colección R.40339
Holdings
Estatus retirado Estado de pérdida Estado de daño No para préstamo Biblioteca de origen Biblioteca actual Ubicación en estantería Fecha de adquisición Fuente de adquisición Total de préstamos Signatura topográfica completa Código de barras Visto por última vez Precio de reemplazo Tipo de ítem Koha
        Biblioteca del Ateneo de Madrid Biblioteca del Ateneo de Madrid Sala Palomar 17/01/2008     C-12193 1151945 23/02/2023 23/02/2023 Libro impreso
        Biblioteca del Ateneo de Madrid Biblioteca del Ateneo de Madrid Sala Palomar 17/01/2008     C-12194 1151944 23/02/2023 23/02/2023 Libro impreso